Sustainable buildings in practice (Record no. 110440)
[ view plain ]
| 000 -LEADER | |
|---|---|
| fixed length control field | 03145cam a22002535a 4500 |
| 001 - CONTROL NUMBER | |
| control field | L149252 |
| 008 - FIXED-LENGTH DATA ELEMENTS--GENERAL INFORMATION | |
| fixed length control field | 100210s2010 xxk f 000 0 eng d |
| 020 ## - INTERNATIONAL STANDARD BOOK NUMBER | |
| International Standard Book Number | 9780203865453 |
| 035 ## - SYSTEM CONTROL NUMBER | |
| System control number | (Sirsi) u149252 |
| 041 0# - LANGUAGE CODE | |
| Language code of text/sound track or separate title | eng |
| 050 04 - LIBRARY OF CONGRESS CALL NUMBER | |
| Classification number | 333.32 $2 18 |
| 100 1# - MAIN ENTRY--PERSONAL NAME | |
| Personal name | Baird, George |
| 245 00 - TITLE STATEMENT | |
| Title | Sustainable buildings in practice |
| Remainder of title | what the users think |
| Medium | [electronic resource] |
| 260 ## - PUBLICATION, DISTRIBUTION, ETC. | |
| Name of publisher, distributor, etc. | Routledge Ltd |
| Date of publication, distribution, etc. | 2010 |
| 300 ## - PHYSICAL DESCRIPTION | |
| Extent | eBook |
| 505 2# - FORMATTED CONTENTS NOTE | |
| Formatted contents note | Part 1 Buildings in Cold?Temperate Climates -- 2 NRG Systems Facility, Hinesburg, Vermont, USA -- 2 Computer Science and Engineering (CS&E) Building, York University, Ontario, Canada -- 4 Military Families Resource Centre (MFRC), Toronto, Ontario, Canada -- 5 Sciencepark, Gelsenkirchen, Germany -- 6 National Works Yards, Vancouver, British Columbia, Canada -- 7 Liu Institute, University of British Columbia, Vancouver, Canada -- Part 2 Buildings in Medium?Temperate Climates -- 8 Gifford Studios, Southampton, England -- 9 Arup Campus, Solihull, England -- 10 ZICER Building, University of East Anglia, Norwich, England -- 11 Renewable Energy Systems (RES) Building, Kings Langley, England -- 12 City Hall, London, England -- 13 The Foundation Building, Eden Project, St Austell, Cornwall, England -- 14 The Mathematics and Statistics and Computer Science (MSCS) Building, Canterbury University Christchurch New Zealand -- 15 St Mary's Credit Union, Navan, Ireland -- 16 Scottsdale Forest Ecocentre, Tasmania, Australia -- 17 Tokyo Gas, Kohoku New Town, Yokohama, Japan -- 18 Nikken Sekkei Building, Tokyo, Japan -- Part 3 Buildings in Warm?Temperate Climates -- 19 The Landcare Research Laboratory, Auckland, New Zealand -- 20 The Campus Reception and Administration Building, Auckland University of Technology (AUT Akoranga), Auckland, New Zealand -- 60 Leicester Street, South Melbourne, Victoria, Australia -- 40 Albert Road, South Melbourne, Victoria, Australia -- 23 The Red Centre Building, University of New South Wales, Sydney, NSW, Australia -- 24 Institute of Languages, University of New South Wales, Sydney, NSW, Australia -- 25 General Purpose Building, University of Newcastle, NSW, Australia -- 26 Student Services Centre, University of Newcastle, NSW, Australia -- 27 Natural Resources Defense Council (NRDC), Santa Monica, California, USA -- Part 4 Buildings in Hot?Humid Climates -- 28 Institute of Technical Education, Bishan, Singapore -- 29 Ministry of Energy, Water and Communications (MEWC) Building, Putrajaya, Malaysia -- 30 Menara UMNO, Penang, Malaysia -- 31 Torrent Research Centre, Ahmedabad, Gujarat, India |
| 520 ## - SUMMARY, ETC. | |
| Summary, etc. | Presents 30 sustainable buildings from around the globe and examines how they work in practice, from the point of view of the people who use them. This book considers common issues and the lessons that can be learnt for future sustainable building design. |
| 590 ## - LOCAL NOTE (RLIN) | |
| Local note | ka ntk |
| 650 24 - SUBJECT ADDED ENTRY--TOPICAL TERM | |
| Topical term or geographic name entry element | EBOOK |
| 651 #4 - SUBJECT ADDED ENTRY--GEOGRAPHIC NAME | |
| Geographic name | International |
| 690 ## - LOCAL SUBJECT ADDED ENTRY--TOPICAL TERM (OCLC, RLIN) | |
| Topical term or geographic name as entry element | ENVIRONMENTAL AND LAND CONSULTANCY-SUSTAINABILITY-SUSTAINABLE DEVELOPMENT |
| 856 48 - ELECTRONIC LOCATION AND ACCESS | |
| Uniform Resource Identifier | <a href="https://www.vlebooks.com/">https://www.vlebooks.com/</a> |
| Public note | View on VLEbooks. Logins for members only from [email protected] |
| 942 ## - ADDED ENTRY ELEMENTS (KOHA) | |
| Suppress in OPAC | 0 |
| Withdrawn status | Lost status | Source of classification or shelving scheme | Damaged status | Not for loan | Home library | Current library | Shelving location | Date acquired | Cost, normal purchase price | Total Checkouts | Full call number | Barcode | Date last seen | Copy number | Cost, replacement price | Price effective from | Koha item type |
|---|---|---|---|---|---|---|---|---|---|---|---|---|---|---|---|---|---|
| Dewey Decimal Classification | Virtual | Virtual | Online | 10/02/2010 | 69.99 | EBOOK | 149252-2001 | 06/08/2019 | 1 | 69.99 | 06/08/2019 | Book |